LEADER 03494nam 2200757 450 001 996248313703316 005 20210209200811.0 010 $a0-19-167767-1 010 $a1-280-44537-8 010 $a0-19-154279-2 010 $a0-19-162241-9 024 7 $a2027/heb30841 035 $a(CKB)2670000000154638 035 $a(EBL)845978 035 $a(OCoLC)778339697 035 $a(SSID)ssj0000642294 035 $a(PQKBManifestationID)12198353 035 $a(PQKBTitleCode)TC0000642294 035 $a(PQKBWorkID)10647561 035 $a(PQKB)11664602 035 $a(StDuBDS)EDZ0000021707 035 $a(MiAaPQ)EBC5597978 035 $a(MiAaPQ)EBC845978 035 $a(MiAaPQ)EBC4963903 035 $a(Au-PeEL)EBL4963903 035 $a(CaONFJC)MIL44537 035 $a(OCoLC)1027134873 035 $a(MiAaPQ)EBC7038034 035 $a(Au-PeEL)EBL7038034 035 $a(dli)HEB30841 035 $a(MiU) MIU01100000000000000000162 035 $a(EXLCZ)992670000000154638 100 $a20181226d1999 uy 0 101 0 $aeng 135 $aur|n|---||||| 181 $ctxt 182 $cc 183 $acr 200 14$aThe triumph of the moon $ea history of modern pagan witchcraft /$fRonald Hutton 210 $aOxford $cOxford University Press$d1999 215 $a1 online resource (1046 p.) 300 $aDescription based upon print version of record. 311 $a0-19-820744-1 311 $a0-19-285449-6 320 $aIncludes bibliographical references (pages 417-470) and index. 327 $aCover Page; Title Page; Copyright Page; Dedication; Contents; Macrocosm; 1. Finding a Language; 2. Finding a Goddess; 3. Finding a God; 4. Finding a Structure; 5. Finding a High Magic; 6. Finding a Low Magic; 7. Finding a Folklore; 8. Finding a Witchcraft; 9. Matrix; 10. God (and Goddess) Parents; Microcosm; 11. Gerald Gardner; 12. Gerald's People; 13. The Wider Context: Hostility; 14. The Wider Context: Reinforcement; 15. Old Craft, New Craft; 16. The Man in Black; 17. Royalty from the North; 18. Uncle Sam and the Goddess; 19. Coming of Age; 20. Grandchildren of the Shadows; Notes; Index 330 $aRonald Hutton is known for his colourful and provocative writings on original subjects. This work is no exception: for the first full-scale scholarly study of the only religion England has ever given the world; that of modern pagan witchcraft, which has now spread from English shores across four continents. Hutton examines the nature of that religion and its development, and offers a microhistory of attitudes to paganism, witchcraft, and magic in British society since 1800. Itspages reveal village cunning folk, Victorian ritual magicians, classicists and archaeologists, leaders of woodcraft an 517 3 $aHistory of modern pagan witchcraft 606 $aWitchcraft$zGreat Britain$xHistory$y19th century 606 $aWitchcraft$zGreat Britain$xHistory$y20th century 606 $aNeopaganism$zGreat Britain$xHistory 607 $aGreat Britain$xReligion$y19th century 607 $aGreat Britain$xReligion$y20th century 615 0$aWitchcraft$xHistory 615 0$aWitchcraft$xHistory 615 0$aNeopaganism$xHistory. 676 $a133.4/3/0941 676 $a133.430941 700 $aHutton$b Ronald$0615586 801 0$bMiAaPQ 801 1$bMiAaPQ 801 2$bMiAaPQ 906 $aBOOK 912 $a996248313703316 996 $aThe triumph of the moon$92320170 997 $aUNISA LEADER 01332nam a2200301 i 4500 001 991001428729707536 005 20020507125746.0 008 010424s1998 ||| ||| | eng 020 $a0471979589 035 $ab10219407-39ule_inst 035 $aLE02985765$9ExL 040 $aISUFI - Sett. Diritti e Politiche Euromediterranee$bita 082 0 $a332 100 1 $aRebonato, Riccardo$0464700 245 10$aInterest-rate option models :$bunderstanding, analysing and using models for exotic interest-rate options /$cRiccardo Rebonato 250 $a2nd ed., Updated and rev. ed. 260 $aChichester ; New York :$bWiley,$cc1998 300 $axxiii, 521 p. :$bill. ;$c24 cm. 490 0 $aWiley series in financial engineering 500 $aIncludes bibliographical references (p. [509]-514) and index. 650 4$aTassi di interesse$xModelli matematici 907 $a.b10219407$b17-02-17$c27-06-02 912 $a991001428729707536 945 $aLE029 332 REB01.01$g1$iLE029-2197$lle029$o-$pE0.00$q-$rn$so $t0$u0$v0$w0$x0$y.i10268509$z27-06-02 945 $aLE025 ECO 332.6 REB01.01$g1$i2025000140172$lle025$nCatalogato 2018$o-$pE0.00$q-$rl$s- $t0$u1$v0$w1$x0$y.i13885091$z28-09-04 996 $aInterest-rate option models$9208564 997 $aUNISALENTO 998 $ale029$ale025$b01-01-01$cm$da $e-$feng$gxx $h0$i2